[Event "ACUA Bling"]
[Site "Argentina"]
[Date "2019.12.02"]
[Round "1.2"]
[White "Ortiz, Marcos Eduardo"]
[Black "Lopez, Jose Luis"]
[Result "1-0"]
[WhiteElo "1185"]
[BlackElo "1757"]
[PlyCount "105"]
[EventDate "2019.12.02"]
[EventType "tourn"]
[EventRounds "7"]
[EventCountry "ARG"]
[SourceTitle "EXT 2024"]
[Source "ChessBase"]
[SourceDate "2023.10.10"]
[SourceVersion "1"]
[SourceVersionDate "2023.10.10"]
[SourceQuality "1"]

1. e4 c5 2. Nc3 Nc6 3. f4 e6 4. Nf3 Nge7 5. d4 cxd4 6. Nxd4 Nxd4 7. Qxd4 Nc6 8. Qd1 Bc5 9. Bc4 a6 10. a3 b5 11. Ba2 Bb7 12. Qd3 Qb6 13. Qe2 0-0 14. Bd2 Nd4 15. Qd3 a5 16. 0-0-0 a4 17. Be3 Nb3+ 18. cxb3 Bxe3+ 19. Kb1 axb3 20. Bxb3 Bxf4 21. Qxd7 Bc6 22. Qe7 Be5 23. Rhf1 Bxc3 24. bxc3 Bxe4+ 25. Kb2 Ra7 26. Rd7 Rxd7 27. Qxd7 Bxg2 28. Rxf7 Rxf7 29. Qe8+ Rf8 30. Bxe6+ Qxe6 31. Qxe6+ Kh8 32. Qe2 Bf1 33. Qe3 h6 34. Kb3 Bc4+ 35. Kb4 Ra8 36. Qc1 Kh7 37. h4 h5 38. Kc5 Rf8 39. Qc2+ Kh6 40. a4 Rc8+ 41. Kb4 bxa4 42. Qxa4 Bd5 43. Qd7 Rc4+ 44. Ka5 Rc5+ 45. Kb6 Rc6+ 46. Kb5 Bf3 47. Qd2+ Kh7 48. Qd3+ Rg6 49. Qxf3 Rg4 50. Qf5+ g6 51. Qf7+ Kh6 52. Qf6 Rg1 53. Qh8# 1-0

[Event "San Rafael Cup Blind"]
[Site "San Rafael"]
[Date "2019.09.21"]
[Round "3.4"]
[White "Ortiz, Marcos Eduardo"]
[Black "Cayo, Ana Carolina"]
[Result "1/2-1/2"]
[WhiteElo "1750"]
[BlackElo "1627"]
[PlyCount "70"]
[EventDate "2019.09.20"]
[EventType "swiss"]
[EventRounds "5"]
[EventCountry "ARG"]
[SourceTitle "EXT 2024"]
[Source "ChessBase"]
[SourceDate "2023.10.10"]
[SourceVersion "1"]
[SourceVersionDate "2023.10.10"]
[SourceQuality "1"]

1. e4 c6 2. d4 d5 3. e5 Bf5 4. Nf3 e6 5. Nc3 Nd7 6. Bd3 Bxd3 7. Qxd3 c5 8. Bg5 Qb6 9. Qb5 a6 10. Qxb6 Nxb6 11. dxc5 Bxc5 12. 0-0 Nd7 13. a3 Ne7 14. b4 Bb6 15. Bxe7 Kxe7 16. Ne2 Bc7 17. Ng3 Nxe5 18. Nxe5 Bxe5 19. Rae1 Bxg3 20. fxg3 Rac8 21. Rf5 Rxc2 22. Rxd5 Rhc8 23. Rd3 Rc1 24. Rxc1 Rxc1+ 25. Kf2 b6 26. Kf3 Rc4 27. Kf2 a5 28. bxa5 bxa5 29. Rb3 a4 30. Rb7+ Kf6 31. Ra7 Rd4 32. Ke3 Rc4 33. Kf2 h5 34. Ra5 g6 35. Ra6 g5 1/2-1/2

[Event "Realico Blind"]
[Site "Realico"]
[Date "2019.08.03"]
[Round "3.5"]
[White "Maita, Leonardo"]
[Black "Ortiz, Marcos Eduardo"]
[Result "0-1"]
[WhiteElo "1798"]
[BlackElo "1742"]
[PlyCount "76"]
[EventDate "2019.08.02"]
[EventType "swiss"]
[EventRounds "5"]
[EventCountry "ARG"]
[SourceTitle "EXT 2024"]
[Source "ChessBase"]
[SourceDate "2023.10.10"]
[SourceVersion "1"]
[SourceVersionDate "2023.10.10"]
[SourceQuality "1"]

1. e4 e5 2. Bc4 Bc5 3. Nf3 Nc6 4. d3 Nf6 5. Bg5 d6 6. h3 h6 7. Bxf6 Qxf6 8. c3 Bd7 9. Nbd2 0-0 10. 0-0 Rfe8 11. a3 a6 12. b4 Ba7 13. Re1 Be6 14. Ba2 Rad8 15. Qc2 d5 16. Rad1 dxe4 17. Rxe4 Bd5 18. Bxd5 Rxd5 19. Nc4 b5 20. Ne3 Rd7 21. d4 h5 22. Nxe5 Nxe5 23. dxe5 Rxd1+ 24. Nxd1 Rxe5 25. Rxe5 Qxe5 26. Kf1 Qd5 27. f3 c5 28. Ke2 Qc4+ 29. Kd2 Qf4+ 30. Ke2 Qe5+ 31. Qe4 Qe6 32. Kd3 Qd6+ 33. Kc2 Qd8 34. Qb7 Bb6 35. Qxa6 cxb4 36. axb4 Bc7 37. Qxb5 Bf4 38. c4 Qd2+ 0-1

[Event "Cordoba Acua final"]
[Site "Cordoba"]
[Date "2018.12.06"]
[Round "1.3"]
[White "Carballo, Jorge"]
[Black "Ortiz, Marcos Eduardo"]
[Result "1/2-1/2"]
[WhiteElo "1399"]
[BlackElo "1165"]
[PlyCount "67"]
[EventDate "2018.12.06"]
[EventType "swiss"]
[EventRounds "7"]
[EventCountry "ARG"]
[SourceTitle "EXT 2024"]
[Source "ChessBase"]
[SourceDate "2023.10.10"]
[SourceVersion "1"]
[SourceVersionDate "2023.10.10"]
[SourceQuality "1"]

1. d4 d5 2. Nf3 Nf6 3. Bf4 c5 4. c3 Nc6 5. e3 Bf5 6. Bd3 Bg6 7. Qc2 e6 8. Nbd2 Qb6 9. Bxg6 hxg6 10. h3 Be7 11. Ne5 0-0 12. Ndf3 Rac8 13. Bg5 Rfd8 14. Nxc6 Rxc6 15. Ne5 Rcc8 16. Ng4 cxd4 17. exd4 Qxd4 18. Nxf6+ Bxf6 19. Be3 Qe5 20. 0-0 a6 21. Rfe1 Qc7 22. Qb3 d4 23. Bxd4 Bxd4 24. cxd4 Rxd4 25. Qe3 Rdd8 26. Rac1 Qa5 27. Rxc8 Rxc8 28. Rc1 Rxc1+ 29. Qxc1 Qd8 30. Qe1 Qd4 31. Qa5 Qd1+ 32. Kh2 Qd4 33. Kg1 Qd1+ 34. Kh2 1/2-1/2

[Event "Cordoba Acua final"]
[Site "Cordoba"]
[Date "2018.12.??"]
[Round "5.4"]
[White "Ortiz, Marcos Eduardo"]
[Black "Perrone, Gabriel"]
[Result "0-1"]
[WhiteElo "1165"]
[BlackElo "1299"]
[PlyCount "114"]
[EventDate "2018.12.06"]
[EventType "swiss"]
[EventRounds "7"]
[EventCountry "ARG"]
[SourceTitle "EXT 2024"]
[Source "ChessBase"]
[SourceDate "2023.10.10"]
[SourceVersion "1"]
[SourceVersionDate "2023.10.10"]
[SourceQuality "1"]

1. e4 e5 2. Nf3 Nc6 3. Bc4 Nf6 4. d3 Be7 5. c3 0-0 6. 0-0 d6 7. Nbd2 Na5 8. Bb3 Nxb3 9. Qxb3 c6 10. d4 Qc7 11. dxe5 dxe5 12. Re1 h6 13. h3 Re8 14. Nf1 Be6 15. Qc2 Rad8 16. Be3 b6 17. Ng3 Bc4 18. Rad1 Rxd1 19. Rxd1 Rd8 20. Rxd8+ Bxd8 21. b3 Ba6 22. Qd2 c5 23. c4 Bb7 24. Nxe5 Nxe4 25. Nxe4 Bxe4 26. Qd7 Qxd7 27. Nxd7 Bb1 28. a3 Be7 29. Bf4 Bc2 30. Bb8 Bxb3 31. Bxa7 Bxc4 32. Bxb6 Bb5 33. Bxc5 Bxc5 34. Nxc5 Kf8 35. g3 Ke7 36. Kg2 Kd6 37. Ne4+ Kc7 38. Kf3 Bc6 39. Ke3 Kd7 40. Kd4 Ke6 41. Kc5 Bxe4 42. a4 Kf5 43. a5 g5 44. a6 h5 45. a7 h4 46. Kd6 Ba8 47. Kc7 Ke4 48. Kb8 Bd5 49. a8Q Bxa8 50. Kxa8 Kf3 51. gxh4 gxh4 52. Kb7 Kxf2 53. Kc6 f5 54. Kd5 f4 55. Ke4 f3 56. Kf4 Ke2 57. Kg4 f2 0-1

[Event "Cordoba Acua final"]
[Site "Cordoba"]
[Date "2018.12.??"]
[Round "3.4"]
[White "Saponara Caizzi, Jose Maria"]
[Black "Ortiz, Marcos Eduardo"]
[Result "1-0"]
[WhiteElo "1538"]
[BlackElo "1165"]
[PlyCount "73"]
[EventDate "2018.12.06"]
[EventType "swiss"]
[EventRounds "7"]
[EventCountry "ARG"]
[SourceTitle "EXT 2024"]
[Source "ChessBase"]
[SourceDate "2023.10.10"]
[SourceVersion "1"]
[SourceVersionDate "2023.10.10"]
[SourceQuality "1"]

1. d4 d5 2. Bf4 Nf6 3. e3 c5 4. c3 Nc6 5. Nd2 Bf5 6. Ngf3 h6 7. Bb5 Qb6 8. Bxc6+ Qxc6 9. Ne5 Qb6 10. Qa4+ Bd7 11. Nxd7 Nxd7 12. Qc2 e6 13. Be5 Nxe5 14. dxe5 Be7 15. 0-0 0-0 16. Nf3 Rac8 17. Qd2 Rfd8 18. Rfd1 c4 19. Rab1 Qc7 20. Qe2 Qa5 21. a3 a6 22. Nd4 Bc5 23. Kh1 Qc7 24. f4 Bxd4 25. exd4 b5 26. Rf1 Qd7 27. Rf3 a5 28. g4 Rb8 29. Rg1 Qe7 30. Rh3 g5 31. Rxh6 gxf4 32. g5 Kg7 33. Rf6 Kf8 34. g6 Ke8 35. Qh5 Qf8 36. Rxf7 Qg8 37. Rh7 1-0

[Event "Pan American IBCA-ch 7th"]
[Site "San Luis"]
[Date "2018.11.04"]
[Round "1.10"]
[White "Sanchez, Carlos Andres"]
[Black "Ortiz, Marcos Eduardo"]
[Result "1-0"]
[WhiteElo "1744"]
[BlackElo "1165"]
[PlyCount "101"]
[EventDate "2018.11.04"]
[EventType "swiss"]
[EventRounds "7"]
[EventCountry "ARG"]
[SourceTitle "EXT 2024"]
[Source "ChessBase"]
[SourceDate "2023.10.10"]
[SourceVersion "1"]
[SourceVersionDate "2023.10.10"]
[SourceQuality "1"]

1. e4 e5 2. Nf3 Nc6 3. Bb5 a6 4. Ba4 Nf6 5. 0-0 b5 6. Bb3 d6 7. c3 Na5 8. Bc2 c5 9. d4 cxd4 10. cxd4 Be7 11. dxe5 dxe5 12. Qxd8+ Bxd8 13. Nxe5 0-0 14. b4 Re8 15. Nxf7 Kxf7 16. bxa5 Bxa5 17. f3 Bb7 18. Bb3+ Kf8 19. Be3 Rac8 20. Na3 Bd8 21. Rac1 Be7 22. Nc2 Bc5 23. Bxc5+ Rxc5 24. Nd4 Rxc1 25. Rxc1 Bc8 26. Rc7 Nh5 27. Rf7+ Kg8 28. Rf5+ Kh8 29. Rxh5 Rd8 30. Rc5 g6 31. Nc6 Re8 32. Na7 Bb7 33. Rc7 Rb8 34. Nc6 Bxc6 35. Rxc6 Ra8 36. Bd5 Ra7 37. Rb6 g5 38. Rb8+ Kg7 39. Rb7+ Rxb7 40. Bxb7 a5 41. Bc6 b4 42. Ba4 Kf6 43. Kf2 Ke5 44. Ke3 h6 45. g3 h5 46. f4+ gxf4+ 47. gxf4+ Ke6 48. Bb3+ Kf6 49. h4 Ke7 50. Kd4 Kf6 51. Kd5 1-0